Optimismo e esperança na educação (Registo nº 4266)

Detalhes MARC
000 -Etiqueta do registo
Cabeçalho 00901nam a2200301 4500
005 - Identificador da versão
Campo de controlo 20240813122056.0
010 ## - Número internacional normalizado dos livros (ISBN)
Número (ISBN) 9722331426
021 ## - Número do Depósito Legal
Código do país PT
Número 204715/03
100 ## - Dados gerais de processamento
Dados gerais de processamento 20040902d2004 m y0pory5003 ba
102 ## - Pais de publicação ou produção
País de publicação Portugal
101 0# - Língua de publicação
Língua do texto, banda sonora, etc. Português
106 ## - Campo de dados codificados: material textual
Dados codificados do material textual r
105 ## - Campo de dados codificados: livros
Dados codificados dos livros a z 001yy
215 ## - Descrição física 
Indicação específica da natureza do documento e extensão da espécie 189, [2] p.
Outras indicações físicas il.
Dimensões 21 cm
200 1# - Titulo e menção de responsabilidade
Título próprio Optimismo e esperança na educação
Informação de outro título fontes inspiradoras para uma escola criativa
Primeira menção de responsabilidade Helena Águeda Marujo, Luís Miguel Neto
225 1# - Colecção 
Título próprio da colecção Ensinar e aprender
Indicação de volume 29
205 ## - Menção da edição
Menção da edição 1ª ed
210 ## - Publicação, Distribuição, etc. 
Lugar da edição, distribuição, etc. Barcerena
Nome do editor, distribuidor, etc. Presença
Data da publicação, distribuição, etc. 2004
320 ## - Nota relativa a bibliografia e índices internos 
Texto da nota Bibliografia, p. 177-179
675 ## - Classificação Decimal Universal (CDU)
Notação 373
Edição BN
Língua da edição por
Notação 159.942
Edição BN
Língua da edição por
Notação 37.06
Edição BN
Língua da edição por
701 #1 - Nome de autor-pessoa física (co-responsabilidade principal)
Palavra de ordem Neto
Outra parte do nome não tomada para palavra de ordem Luís Miguel Vicente Afonso
Datas 1958-
Código de função Autor / Co-autor
700 #1 - Nome de autor-pessoa física (responsabilidade principal)
Número de registo de entrada de autoridade 0000981
Palavra de ordem Marujo
Outra parte do nome não tomada para palavra de ordem Helena Águeda
942 ## - Elementos de entrada adicionados (Koha)
Tipo de item no Koha Livro
Exemplares
Situação do levantamento Origin of item (home branch) (coded) Biblioteca de empréstimo Código de barras Cota Circulation type (not for loan) Tipo de documento Nota do exemplar Damaged status
  Biblioteca Escolar das Vendas Biblioteca Escolar das Vendas BEV956 3PED MAR   Livro Sem mensagem